000
00289nam a2200109Ia 4500
005
20251222144833.0
008
251222s9999||||xx |||||||||||||| ||spa||
082
_a
759/R31
245
0
_a
Roma y el Ideal Académico:
264
_b
Real Academia de Bellas Artes de San Fernando
942
_c
LIB
999
_c
20943
_d
20943